000 01375nam0a22003371 4500
001 v19\rc\1801303
005 20071130154511.0
035 _a(NLR Aleph) 004902369
090 _a5388724
_c5388725
100 _a20071130d1907 |||y0rusy50 ca
101 0 _arus
102 _aRU
105 _ay z |||a|
200 1 _aПокаянная ночь
_e[Рождественский] рассказ из быта купцов и приказчиков
_fНиколай ф. Дингельштедт
210 _aСанкт-Петербург
_cТипо-лит. В.Н. Чуйкова
_d1907
215 _a24 с.
_d18
311 _aЧасть тиража вышла как приложение к журн. Простак. 1913 № 48/50
316 _aЭкз. РНБ (2/2210низ): приплетен к журн. ...
_5NLR: 2/2210низ
422 0 _12001#$aПростак$v1913, № 48/50
482 0 _1001RU\NLR\INFOCOMM6\1000483617
_12001#$aПростак$v1913, № 48/50
700 1 _aДингельштедт
_bН. Ф. фон
_f1852-после 1916
_gНиколай Федорович фон
801 0 _aRU
_bNLR
_gpsbo
801 0 _aRU
_bRuMoRGB
_2psbo
801 1 _aRU
_bProSoft-M
_2rusmarc
852 _aNLR
_j34.84.7.1052
852 _aNLR
_j2/2210низ
899 _aRuMoRGB
_jU 2/545
899 _aRuMoRGB
_jV 66/181
899 _aБАН
942 _cBOOK
980 _aNB